| 000 -ლიდერი |
| ფიქსირებული სიგრძის საკონტროლო ველი |
00899nam a22001817a 4500 |
| 003 - საკონტროლო ნომრის იდენტიფიკატორი |
| საკონტროლო ველი |
Ge_BSU |
| 005 - ბოლო ოპერაციის თარიღი და დრო |
| საკონტროლო ველი |
20230505163950.0 |
| 008 - ფიქსირებული სიგრძის მონაცემთა ელემენტები - ზოგადი ინფორმაცია |
| ფიქსირებული სიგრძის საკონტროლო ველი |
230505s1970 ge ||||| |||| 00| 0 geo d |
| 041 ## - ენის კოდი |
| Language code of text/sound track or separate title |
geo |
| 080 ## - უნივერსალური ათობითი კლასიფიკაციის ინდექსი |
| Universal Decimal Classification number |
94(479.22) + 338(479.22)(09) ს-32 |
| 245 ## - ცნობა სათაურის შესახებ |
| Title |
საქართველოს სსრ : |
| Remainder of title |
მოკლე ისტორიულ-ეკონომიკური ნარკვევი / |
| Statement of responsibility, etc |
პ. გუგუშვილის რედაქციით. |
| 264 ## - წარმოების, გამოცემის, დისტრიბუციის და სხვა ცნობები |
| გამოცემის, წარმოების, დისტრიბუციის... ადგილი |
თბილისი : |
| გამოცემის, წარმოების, დისტრიბუციის... სახელწოდება |
საბჭ. საქართველო, |
| გამოცემის, წარმოების, დისტრიბუციის... თარიღი |
1970. |
| 300 ## - ფიზიკური აღწერა |
| Extent |
345 გვ. ; |
| Other physical details |
22 სმ. |
| 653 ## - INDEX TERM--UNCONTROLLED |
| Uncontrolled term |
საქართველოს ახალი ისტორია |
| 653 ## - INDEX TERM--UNCONTROLLED |
| Uncontrolled term |
საქართველოს ეკონომიკის ისტორია |
| 700 ## - ADDED ENTRY--PERSONAL NAME |
| Personal name |
გუგუშვილი, პ. |
| Relator term |
რედაქტორი |
| 9 (RLIN) |
18004 |
| 942 ## - ADDED ENTRY ELEMENTS (KOHA) |
| Source of classification or shelving scheme |
|
| Koha item type |
წიგნი |